Регионална библиотека "Любен Каравелов" - Русе

Дисциплинарна отговорност на работниците и служителите (Запис номер 178069)

MARC детайли
000 -Лидер
Контролно поле с фиксирана дължина 01408nam a2200361 c 4500
003 - Код на организацията, давaща контролен номер
Контролно поле BLK
005 - Дата и час на последна редакция
Контролно поле 20220917100715.0
008 - Елементи от данни с фиксирана дължина
fixed length control field 180411b bul|||||r ||||||| ||bul||
010 ## - Наследен системен номер
LC control number KNG00186768000
020 ## - Международен стандартен номер на книга ISBN
Международен стандартен номер на книга ISBN 978-954-608-225-1
-- издат.: Труд и право
040 ## - Източник на каталожния запис
Идентификатор на билиотеката - собственик на записа BLK
041 ## - Код за език
Код за езика на текст/звукозапис или на отделно заглавие Български
Код за езика КДБФ Български
072 #7 - Код за тематичната категория
Код организация bullib
Код за тематична категория Н34
Текст Право Н
080 ## - УДК
Текстов определител УДК Трудово право. Вж и 331
УДК код - определител по УДК 349.2
УДК определител (497.2)
УДК - код + определител 349.2(497.2)
100 1# - Редна дума - Автор
Автор Милованов, Кругер Стоянов
Авторска отговорност първи автор
R(LIN) 341261
139 ## - Редно поле
Редна дума Милованов, Кругер Стоянов
Авторски знак Мило - М 61
245 10 - Сведения за заглавието
Заглавие Дисциплинарна отговорност на работниците и служителите
Редно поле (дума) Кругер Стоянов Милованов.
257 ## - Страна на издаване
Страна на създаване/издаване България
260 ## - Област на издателските данни
-- София
Име на издателя, разпространителя и проч. Труд и право
Година на издаване 2015
Печатница Костинброд : Мултипринт
300 ## - Физическа характеристика
Страници 192 с.
Размери/Мащаб 21 см
380 ## - Жанр
Жанр Обществени науки
500 ## - Общи забележки
Забележка Биогр. данни за авт.
650 #4 - Допълнително описание по предмет – тема
Основно описание – тема или топоним Трудово право - България
9 (RLIN) 248377
653 ## - Ключова дума – ненормативна
Ключова дума дисциплина
653 ## - Ключова дума – ненормативна
Ключова дума трудова дисциплина
653 ## - Ключова дума – ненормативна
Ключова дума трудово право
659 ## - Тематичен бюлетин
Тематичен бюлетин Н
852 ## - Местоположение
Форматна сигнатура Цб 279707
856 4# - Електронен адрес и достъп
Електронен формат pdf - файл
Път до файла /url/
856 4# - Електронен адрес и достъп
Електронен формат pdf - файл
Път до файла /url/
942 ## - АРТИКУЛИ
Вид на библиотечния материал Книги
Скрит в OPAC Не
Koha issues (borrowed), all copies 2
944 ## - СЪЗДАВАНЕ И РЕДАКЦИЯ на ЗАПИСА
Създаване/Редакция Създаване
Дата на регистрацията/редакция 01.03.2016
Статус, дата на статуса ф /
Служител, извършил регистрацията/редакцията Виолета_Тройчева
944 ## - СЪЗДАВАНЕ И РЕДАКЦИЯ на ЗАПИСА
Създаване/Редакция Редакция
Дата на регистрацията/редакция 12.12.2017
Статус, дата на статуса ф /
Служител, извършил регистрацията/редакцията Людмила_Стоянова
999 ## - СИСТЕМНИ КОНТРОЛНИ НОМЕРА
Koha biblionumber 178069
Koha biblioitemnumber 178069
Наличности
Код за отписване Код за изгубен артикул Код за повреда Коз за рестрикции Код за отдаване Артикулен № Име на библиотеката - собственик Име на библиотеката, в която се намира в момента Статус (Текущо местоположение) Дата на вписване в системата Местоположение - отдел Цена в лева Инвентарен номер Систематично азбучна сигнатура Баркод Номер на екземпляра Цена в евро Служебна бележка Служебен тип на артикула Източник на класификационната схема
  Не е изгубен Не е повреден без рестрикции ползва се в читалня 305964 Регионална библиотека "Любен Каравелов" Русе Регионална библиотека "Любен Каравелов" Русе Хранилище 2016-03-02 Хранилище 18.00 120000798494 Цб 279707 120000798494 1 9.20 Дост: Dp Вид: Д N: 5 Дата: 20.01.2016 Книги  
  Не е изгубен Не е повреден без рестрикции заемане за дома 305965 Регионална библиотека "Любен Каравелов" Русе Регионална библиотека "Любен Каравелов" Русе Заемна - подръчен фонд 2017-11-29 Заемна - подръчен фонд 18.00 120000817504 П 349/М 61 120000817504 2 9.20 Дост: DA Вид: А N: 41 Дата: 29.11.2017 Книги Universal Decimal Classification
  Не е изгубен Не е повреден без рестрикции заемане за дома 305966 Регионална библиотека "Любен Каравелов" Русе Регионална библиотека "Любен Каравелов" Русе Заемна - подръчен фонд 2017-11-29 Заемна - подръчен фонд 18.00 120000817505 П 349/М 61 120000817505 3 9.20 Дост: DA Вид: А N: 41 Дата: 29.11.2017 Дата инв: 07.02.2018 Бележки инв: П2018 Книги  
Vip Innovations Ltd, Rousse, Bulgaria 2025